| 000 | 00615nam a2200193 a 4500 | ||
|---|---|---|---|
| 005 | 20210219154218.0 | ||
| 008 | 021105s1994 mx r 000 0 spa d | ||
| 020 | _a9501514056 | ||
| 035 | _aUPN01000120744 | ||
| 049 | _aCG | ||
| 050 | 4 |
_aF1230 _bM3.38 |
|
| 100 | 1 | _aMarks, Richard Lee | |
| 245 | 1 | 0 |
_aCortés / _cRichard Lee Marks ; tr. Carlos Gardini. |
| 260 |
_aBuenos Aires : _bJavier Vergara, _cc1994. |
||
| 300 |
_a381 p. : _bil., algunos mapas |
||
| 500 | _aSubtítulo de la cubierta: El gran aventurero que cambió el destino del México azteca | ||
| 600 | 1 | 4 |
_aCORTES, HERNAN, _d1485-1547 |
| 905 | _aLibro | ||
| 999 |
_c93078 _d93078 |
||